000 00243 a2200097 4500
001 32897
100 _aBhatia,S.C
245 _aFundamentals of Heat and Mass Transfer
260 _aN D
_bCBS Publishers & Distributors
_c
090 _c22048
_d22048
942 _aNUST-CAE
_cM
_c13390
999 _c267970
_d267970